01460nam a2200277 a 450000100100000000500170001000800410002704000250006808200200009324500860011326000350019930000290023449000100026350000850027365000680035865000530042665000190047983000170049804900090051595201330052495201330065795201330079095201180092395201240104199900170116500001395920260317133557.0091202s1986 dr a 000 0 spa d aDO-SdBNPbspacBNPHU a027.57293bM53300aMemorias administrativas bibliográficas y culturales de la Biblioteca Nacional. aSanto Domingo, :bBuho,c1986. a[42 p.] :bil. ;c21 cm.1 aOrfeo aGestión de Candido Gerón del 10 de octubre de 1984, al 16 de agosto de 1986. 4aBibliotecas nacionalesxHistoriazRepública Dominicana931626 4aAdministración de bibliotecasxHistoria931627 0aCultura989224 0aOrfeo918812 aBNPD 001054708DSaGRbGRcHDd2011-04-28iLF1l0o027.57293 M533p13959-30r2020-06-25te. 3w2020-06-25yLFDSZPréstamo en sala 001054708DSaGRbGRcHDd2011-04-28iLF1l0o027.57293 M533p13959-40r2020-06-25te. 4w2020-06-25yLFDSZPréstamo en sala 001054708DSaGRbGRcHDd2011-05-10iLF1l0o027.57293 M533p13959-50r2020-06-25te. 5w2020-06-25yLFDSZPréstamo en sala 0010718PDaPDbPDcHDd2009-12-02iLF1l0o027.57293 M533p13959-10r2020-06-25w2020-06-25yLFPDZNo se presta 0010718PDaPDbPDcHDd2011-04-11iLF1l0o027.57293 M533p13959-20r2020-06-25te. 2w2020-06-25yLFPDZNo se presta c13563d13563